| 000 | 00570nam a2200181 4500 | ||
|---|---|---|---|
| 001 | 109264 | ||
| 003 | ES-MaACL | ||
| 005 | 20231221192827.0 | ||
| 007 | t| | ||
| 008 | 061121s1911 sp r ||||1| spa d | ||
| 100 | 1 |
_aMuensterberg, Hugo. _984047 |
|
| 245 | 1 | 3 |
_aLa psicología y el maestro / _cHugo Muensterberg; traducción del inglés por Domingo Barnés. |
| 260 |
_aMadrid : _bAntonio P. Izquierdo., _c1911. |
||
| 300 |
_aX, 397 p. ; _c20 cm. |
||
| 700 | 1 |
_aBarnés, Domingo, _d1879-1940 _925714 |
|
| 852 |
_aES-MaACL _jD-1266 |
||
| 999 |
_c109264 _d109264 |
||